Zmeny v registračnej povinnosti pre DPH od januára 2016
Zmeny pri registrácii tuzemských zdaniteľných osôb od 1.1.2016. Zmeny pri registrácii zahraničných zdaniteľných osôb od 1.1.2016. Praktické príklady.
Guardado en:
| Autor principal: | |
|---|---|
| Formato: | Capítulo de libro |
| Lenguaje: | eslovaco |
| Materias: | |
| Etiquetas: |
Sin Etiquetas, Sea el primero en etiquetar este registro!
|
MARC
| LEADER | 00000naa a2200000 4500 | ||
|---|---|---|---|
| 001 | 0213613 | ||
| 005 | 20240502073550.5 | ||
| 041 | 0 | |a slo | |
| 044 | |a SK | ||
| 245 | 1 | 0 | |a Zmeny v registračnej povinnosti pre DPH od januára 2016 |c Marcela Rabatinová |
| 520 | |a Zmeny pri registrácii tuzemských zdaniteľných osôb od 1.1.2016. Zmeny pri registrácii zahraničných zdaniteľných osôb od 1.1.2016. Praktické príklady. | ||
| 610 | 2 | 0 | |a dane z hodnoty pridanej |
| 610 | 2 | 0 | |a daňovníci |
| 610 | 2 | 0 | |a registrácia |
| 610 | 2 | 0 | |a legislatíva |
| 610 | 2 | 0 | |a podnikatelia |
| 610 | 2 | 0 | |a cudzinci |
| 100 | 1 | |a Rabatinová, Marcela, 1977- | |